Internet a sociálne siete ako nové možnosti pre Public Relations

Využitie sociálnych sietí pre marketingové ciele. Internet, sociálne siete, blogy, diskusné fóra, online spravodajstvo, alebo virálne videá vplývajú aj na klasické ponímanie public relations, ktoré posúvajú o krok ďalej. Komunikácia na sociálnych sieťach pre firmy je behom na dlhú t...

Descrizione completa

Salvato in:
Dettagli Bibliografici
Autore principale: Trebuľová, Andrea
Natura: Capitolo di libro
Lingua:slovacco
Soggetti:
Tags: Aggiungi Tag
Nessun Tag, puoi essere il primo ad aggiungerne!!

MARC

LEADER 00000nla$a2200000$$$4500
001 0147915
005 20240502072652.3
041 0 |a slo 
044 |a SK 
245 1 0 |a Internet a sociálne siete ako nové možnosti pre Public Relations  |c Andrea Trebuľová 
520 |a Využitie sociálnych sietí pre marketingové ciele. Internet, sociálne siete, blogy, diskusné fóra, online spravodajstvo, alebo virálne videá vplývajú aj na klasické ponímanie public relations, ktoré posúvajú o krok ďalej. Komunikácia na sociálnych sieťach pre firmy je behom na dlhú trať. 
610 2 0 |a firmy 
610 2 0 |a práca s verejnosťou 
610 2 0 |a internet 
610 2 0 |a siete sociálne 
610 2 0 |a Slovensko 
100 1 |a Trebuľová, Andrea